| 000 | 01044nam a22002651i 4500 | ||
|---|---|---|---|
| 001 | 192256 | ||
| 003 | SpMaBN | ||
| 005 | 20250811104303.0 | ||
| 008 | 221129q19281936sp a 000 0 spa | ||
| 016 | 7 |
_abimoBNE19995974421 _zIND9600735436 [ _2SpMaBN] |
|
| 040 |
_aSpMaBN _bspa _cCDM |
||
| 080 | _a7:069.5(460.355 C.) | ||
| 100 | 1 |
_aQuintero Atauri, Pelayo. _994723 |
|
| 245 | 1 | 0 |
_aMuseo de Bellas Artes de Cádiz / _ccuarenta y ocho ilustraciones, con texto de Pelayo Quintero y de Atauri. |
| 260 |
_aBarcelona : _bH. de J. Thomas, _c[entre 1928-1936] |
||
| 300 |
_a28 p., 48 p. de lám. ; _c15 cm. |
||
| 490 | 1 |
_aEl arte en España / Patronato Nacional del Turismo ; _v27 |
|
| 546 | _aTexto en español, francés é inglés. | ||
| 610 | 2 | 4 |
_aMuseo de Bellas Artes de Cádiz. _95845 |
| 710 | 2 |
_aPatronato Nacional del Turismo (España) _96194 |
|
| 830 | 1 | 3 |
_aEl arte en España / Patronato Nacional de Turismo _v27 _9193583 |
| 852 | 4 |
_aES-MaACL _jC-32219(3) |
|
| 999 |
_c192256 _d192256 |
||